| 000 | 00555nam a22001817a 4500 | ||
|---|---|---|---|
| 999 |
_c189142 _d189142 |
||
| 005 | 20220621123358.0 | ||
| 010 | _aENG-133289 | ||
| 020 |
_a9789386473165 _c250.00 |
||
| 035 | _aEN-116821 | ||
| 037 | _bDBAD/PUB | ||
| 082 | _aS | ||
| 100 | _aMalhan, Sangita P. Menon | ||
| 245 |
_aMuchchad Gadh And Other Stories/ _cSangita P Menon Malhan |
||
| 260 |
_aNew Delhi _bVitasta Publishing Pvt. Ltd _c2018 |
||
| 270 |
_a2/15, Ansari Road, Daryaganj _bNew Delhi _e110062 _minfo@vitastapublishing.com |
||
| 300 |
_a229p. _c20cm(pbk) |
||
| 942 |
_2ddc _cEN _hS _mMAL |
||